| 000 | 00427nam a22001457a 4500 | ||
|---|---|---|---|
| 008 | 230606b |||||||| |||| 00| 0 eng d | ||
| 040 |
_aNational Science Library _cNational Science Library |
||
| 080 | _a616.9 | ||
| 245 | _aMalaria control on impounded water | ||
| 260 |
_aWashington: _bUS States Public Health Service, _c1947 |
||
| 300 | _axiii, 422p. | ||
| 650 | _aMosquito disease | ||
| 653 | _aMalaria | ||
| 942 |
_2udc _cBK |
||
| 999 |
_c39748 _d39748 |
||